Berühmte Frauen der Geschichte: Kleopatra - Statistiken

Allgemein
  • Dieses Quiz wurde 33 mal gespielt
  • Das Durchschnittsergebnis liegt bei 7 aus 15
Antwortstatistiken
Frage Antwort % Korrekt
Welche dieser Sprachen beherrschte Kleopatra NICHT? Afghanisch
79%
Was soll, zumindest laut den Asterix-Comics, ein besonders schönes Merkmal von Kleopatras Aussehen gewesen sein? Ihre Nase
76%
Nach der Tradition ihrer Dynastie ging Kleopatra eine Ehe mit ihrem... ein. Bruder
72%
Als Inkarnation welcher ägyptische Göttin ließ sich Kleopatra inszenieren? Isis
72%
Welcher berühmte römische Politiker besuchte Kleopatra, als sie sich 46 v.Chr. in Rom aufhielt, wobei er sie hochmütig und unsympathisch fand? Cicero
62%
Mit welchem Römer soll Kleopatra KEINE Liebesbeziehung gehabt haben? Marcus Licinius Crassus
52%
Welchen Namen trugen sowohl Kleopatras Vater, als auch ihr Großvater, zwei ihrer Söhne und ihre drei Brüder? Ptolemaios
52%
In welchem Jahr starb Kleopatra? 30 v.Chr.
48%
Welche Seeschlacht bedeutete einen Wendepunkt im Krieg gegen Octavian, der schließlich zu Ägyptens Untergang führte? Schlacht von Actium
45%
Was bedeutet Kleopatras Beiname "Philopator"? Die Vaterliebende
41%
Kleopatras Vorfahren stammten aus welchem Gebiet? Griechenland
38%
Welcher Verbündeter von Marcus Antonius war ein langjähriger Widersacher Kleopatras? Herodes der Große von Judäa
31%
Welches dieser Dinge wird von antiken Autoren NICHT als mögliches Mittel zum Suizid Kleopatras angenommen? Skorpionstich
21%
Um alleine zu regieren, führte Kleopatra einen Machtkampf gegen die Stellvertreter ihres Bruders Potheinos, Theodotus und... Achillas
10%
Wohin plante Kleopatra ihren Sohn Caesarion zu schicken, bevor sein Lehrer Rhodon ihr davon abriet? Indien
7%
Keine übereinstimmenden Quizze gefunden
Verteilung der Resultate
Anzahl Personen mit jedem Resultat
Perzentil nach korrekt beantworteten Fragen
Ihre Resultats-Entwicklung
Sie haben dieses Quiz noch nicht gespielt